[Event "FRA-chT4 0506"]
[Site "Bretagne"]
[Date "2005.12.04"]
[Round "3"]
[White "Eveillard, Maxime"]
[Black "Picard, Remi"]
[Result "0-1"]
[WhiteElo "1770"]
[BlackElo "1987"]
[PlyCount "56"]
[EventDate "2005.10.16"]
[EventType "team"]
[EventRounds "7"]
[EventCountry "FRA"]
[SourceTitle "EXT 2007"]
[Source "ChessBase"]
[SourceDate "2006.11.23"]
[SourceVersion "1"]
[SourceVersionDate "2006.11.23"]
[SourceQuality "1"]

1. e4 e6 2. d4 d5 3. exd5 exd5 4. Nf3 Bd6 5. Nc3 c6 6. Bd3 Ne7 7. Bg5 f6 8. Be3 Bg4 9. h3 Bh5 10. Qe2 Nd7 11. g4 Bg6 12. 0-0-0 b5 13. h4 Qa5 14. a3 Bxa3 15. bxa3 Qxc3 16. Bxg6+ hxg6 17. Qd3 Qxd3 18. Rxd3 Nb6 19. Bd2 a5 20. Re1 Nc4 21. Bf4 Kf7 22. Bg3 Nc8 23. Nd2 Nxd2 24. Kxd2 Nb6 25. Rf3 Rae8 26. Rxe8 Rxe8 27. Rd3 Nc4+ 28. Kd1 Nb2+ 0-1

[Event "FRA-chT4 0405"]
[Site "Bretagne"]
[Date "2004.12.05"]
[Round "3"]
[White "Coll, Henri"]
[Black "Eveillard, Maxime"]
[Result "0-1"]
[WhiteElo "1670"]
[BlackElo "1760"]
[PlyCount "44"]
[EventDate "2004.04.03"]
[EventType "team"]
[EventRounds "7"]
[EventCountry "FRA"]
[SourceTitle "EXT 2007"]
[Source "ChessBase"]
[SourceDate "2006.11.23"]
[SourceVersion "1"]
[SourceVersionDate "2006.11.23"]
[SourceQuality "1"]

1. e4 c6 2. d4 d5 3. Nc3 dxe4 4. Nxe4 Bf5 5. Nc3 e6 6. Nf3 Bd6 7. Bd3 Ne7 8. 0-0 Nd7 9. Re1 Bxd3 10. Qxd3 Qc7 11. Ne4 0-0-0 12. Nxd6+ Qxd6 13. c3 h6 14. b4 Nd5 15. a4 Nb8 16. Ne5 Rhf8 17. Ba3 Qc7 18. b5 Rfe8 19. bxc6 Nxc6 20. Nxc6 Qxc6 21. Rec1 Nf4 22. Qe3 Qxg2# 0-1

[Event "FRA-chT4 0304"]
[Site "Bretagne"]
[Date "2003.11.16"]
[Round "2"]
[White "Eveillard, Maxime"]
[Black "Le Lostec, Michael"]
[Result "1-0"]
[WhiteElo "1730"]
[BlackElo "1680"]
[PlyCount "45"]
[EventDate "2003.10.12"]
[EventType "team"]
[EventRounds "9"]
[EventCountry "FRA"]
[SourceTitle "EXT 2005"]
[Source "ChessBase"]
[SourceDate "2004.11.15"]
[SourceVersion "1"]
[SourceVersionDate "2004.11.15"]
[SourceQuality "1"]

1. e4 e5 2. Nf3 d6 3. d4 Nd7 4. Bc4 Be7 5. 0-0 Ngf6 6. c3 0-0 7. Qd3 c6 8. Nbd2 d5 9. Bb3 Qc7 10. Re1 dxe4 11. Nxe4 exd4 12. Nxd4 Nc5 13. Nxc5 Bxc5 14. Bg5 Ng4 15. g3 Ne5 16. Qe4 Bxd4 17. cxd4 Ng6 18. h4 h6 19. Bxh6 Qd6 20. Bg5 Bd7 21. h5 Nh8 22. Be7 Qb4 23. Bxb4 1-0

[Event "FRA-chT4 0304"]
[Site "Bretagne"]
[Date "2003.10.12"]
[Round "1"]
[White "Eveillard, Maxime"]
[Black "Grego, Pierre"]
[Result "0-1"]
[WhiteElo "1780"]
[BlackElo "1937"]
[PlyCount "58"]
[EventDate "2003.10.12"]
[EventType "team"]
[EventRounds "9"]
[EventCountry "FRA"]
[SourceTitle "EXT 2005"]
[Source "ChessBase"]
[SourceDate "2004.11.15"]
[SourceVersion "1"]
[SourceVersionDate "2004.11.15"]
[SourceQuality "1"]

1. e4 c6 2. d4 d5 3. exd5 cxd5 4. c4 Nf6 5. Nc3 e6 6. Nf3 Be7 7. Bf4 0-0 8. Be2 a6 9. 0-0 dxc4 10. Bxc4 b5 11. Bb3 Bb7 12. Rc1 Nbd7 13. Qe2 b4 14. Na4 Bd5 15. Bxd5 Nxd5 16. Bg3 Qa5 17. b3 Rac8 18. Nd2 N7b6 19. Nxb6 Qxb6 20. Nf3 Bf6 21. h3 a5 22. Be5 Rfd8 23. Rc2 Bxe5 24. dxe5 Nc3 25. Qe1 Rd3 26. Kh1 Rcd8 27. Rd2 Qb7 28. Rxd3 Rxd3 29. Nd2 Qd5 0-1

[Event "FRA-chT4 0203"]
[Site "Bretagne"]
[Date "2003.02.02"]
[Round "5"]
[White "Eveillard, Maxime"]
[Black "Le Moine, Cedric"]
[Result "0-1"]
[WhiteElo "1720"]
[BlackElo "1870"]
[PlyCount "58"]
[EventDate "2002.10.??"]
[EventType "team"]
[EventRounds "7"]
[EventCountry "FRA"]
[SourceTitle "EXT 2007"]
[Source "ChessBase"]
[SourceDate "2006.11.23"]
[SourceVersion "1"]
[SourceVersionDate "2006.11.23"]
[SourceQuality "1"]

1. e4 d5 2. exd5 Nf6 3. Nf3 Nxd5 4. Bc4 Bf5 5. d4 e6 6. 0-0 Nc6 7. Re1 Be7 8. c3 0-0 9. Nbd2 Nb6 10. Bf1 Na5 11. Ne5 Bd6 12. b3 Nd5 13. c4 Nb4 14. Ne4 Bxe5 15. dxe5 Qxd1 16. Rxd1 Bxe4 17. Bd2 Nac6 18. a3 Nc2 19. Rac1 N6d4 20. b4 Rfd8 21. h3 Nb3 22. Bg5 Rxd1 23. Rxd1 h6 24. Bd8 Nxa3 25. Bxc7 Rc8 26. Bd6 Nxc4 27. f3 Bd5 28. Be2 Nxd6 29. exd6 Rd8 0-1